000 00841nam a2200277Ia 4500
001 Para_8280
003 CHAP
008 220125s9999 xx 000 0 und d
010 _a205939
040 _cCHAP
082 _aPA-C 595.752 A6
100 _aPergande, Theodore
_9172084
245 _aA new species of plant-louse injurious to violets /
_c by Theodore Pergande
300 _a2 p.
440 _aAphidae; 9
_9171887
500 _aSobretiro de: The Canadian entomologist 32 (2): 29-30, 1900. Encuadernado con otros impresos similares
650 _aAfididos
_x Colecciones de escritos
_91032
650 _aVioletas
_x plagas
_9172085
901 _aPA-C 595.752 A6
902 _aM
905 _a000000 0000000000 00
910 _a
942 _cPARA
942 _cPARA
_d1
999 _c205939
_d205939